Statistics for Apologize by One republic lyrics

Click here to take the quiz!

General Stats

  • This quiz has been taken 8 times
  • The average score is 103 of 137

Answer Stats

Answer% Correct
a
100%
an
100%
And
100%
and
100%
apologize
100%
i
100%
I
100%
its
100%
Its
100%
late
100%
me
100%
sorry
100%
tell
100%
that
100%
the
100%
to
100%
too
100%
you
100%
But
88%
but
88%
go
88%
im
88%
Im
88%
say
88%
Then
88%
youre
88%
around
75%
cant
75%
cut
75%
feet
75%
ground
75%
hearing
75%
need
75%
off
75%
on
75%
ten
75%
turn
75%
what
75%
didnt
63%
down
63%
got
63%
Got
63%
Holdin
63%
holdin
63%
Id
63%
i'd
63%
just
63%
make
63%
rope
63%
sound
63%
think
63%
like
50%
Now
50%
for
38%
loved
38%
afraid
25%
angel
25%
another
25%
apoligize
25%
beat
25%
blue
25%
chance
25%
fall
25%
fire
25%
heart
25%
Heaven
25%
let
25%
my
25%
needs
25%
new
25%
nothing
25%
red
25%
shot
25%
take
25%
turnin
25%
wait
25%
was
25%
with
25%

Score Distribution

Percentile by Number Answered

Percent of People with Each Score

Your Score History

You have not taken this quiz